[Event "Belgrade-chT Quality"]
[Site "Belgrade"]
[Date "2022.10.12"]
[Round "11.4"]
[White "Stanic, Aleksandar"]
[Black "Savic, Mihailo S"]
[Result "0-1"]
[WhiteElo "2037"]
[BlackElo "2146"]
[PlyCount "88"]
[EventDate "2022.10.01"]
[EventType "team-tourn"]
[EventRounds "11"]
[EventCountry "SRB"]
[SourceTitle "EXT 2024"]
[Source "ChessBase"]
[SourceDate "2023.10.10"]
[SourceVersion "1"]
[SourceVersionDate "2023.10.10"]
[SourceQuality "1"]
[WhiteTeam "Belgrade PTT"]
[BlackTeam "Belgrade Belgrade"]
[WhiteTeamCountry "SRB"]
[BlackTeamCountry "SRB"]

1. d4 Nf6 2. Bg5 e6 3. c3 d5 4. Nd2 Nbd7 5. e3 Be7 6. f4 h6 7. Bh4 c5 8. Bd3 c4 9. Bc2 b5 10. a3 a5 11. Ngf3 g5 12. fxg5 Ng4 13. Qe2 hxg5 14. Bg3 Qb6 15. e4 Bb7 16. 0-0 0-0-0 17. exd5 Bxd5 18. a4 Bd6 19. Bxd6 Qxd6 20. h3 Nh6 21. Ne4 Qc7 22. Nfxg5 f5 23. Nxe6 Bxe6 24. Ng5 Bd5 25. Bxf5 Rdg8 26. Qe7 Nf7 27. Qxd7+ Qxd7 28. Bxd7+ Kxd7 29. Rxf7+ Bxf7 30. Nxf7 Rxh3 31. Ne5+ Kd6 32. Kf2 Rh2 33. Rg1 bxa4 34. Nxc4+ Kd5 35. Nb6+ Ke4 36. Nxa4 Kd3 37. Kf3 Rf8+ 38. Kg4 Ke2 39. Nc5 Kf2 40. Ne6 Rg8+ 41. Kf5 Kxg1 42. g4 Rf2+ 43. Ke5 Rxb2 44. g5 Re2+ 0-1

[Event "Belgrade-chT Quality"]
[Site "Belgrade"]
[Date "2022.10.11"]
[Round "10.5"]
[White "Stanic, Aleksandar"]
[Black "Tisma, Ivan"]
[Result "1-0"]
[WhiteElo "2037"]
[BlackElo "1921"]
[PlyCount "153"]
[EventDate "2022.10.01"]
[EventType "team-tourn"]
[EventRounds "11"]
[EventCountry "SRB"]
[SourceTitle "EXT 2024"]
[Source "ChessBase"]
[SourceDate "2023.10.10"]
[SourceVersion "1"]
[SourceVersionDate "2023.10.10"]
[SourceQuality "1"]
[WhiteTeam "Belgrade PTT"]
[BlackTeam "Belgrade Partizan"]
[WhiteTeamCountry "SRB"]
[BlackTeamCountry "SRB"]

1. d4 Nf6 2. Bg5 e6 3. c3 Be7 4. Nd2 b6 5. e4 Bb7 6. Bd3 d6 7. Qe2 Nbd7 8. Ngf3 Nh5 9. Be3 Nhf6 10. h3 0-0 11. 0-0-0 c5 12. Kb1 cxd4 13. cxd4 d5 14. e5 Ne4 15. Nf1 f5 16. Bc1 Ng5 17. Ne1 a6 18. f3 Nf7 19. g4 g6 20. h4 fxg4 21. fxg4 Nh8 22. Bh6 Rf7 23. Nf3 Bf8 24. Bd2 h6 25. Ng3 Bg7 26. h5 g5 27. Nxg5 hxg5 28. h6 Bxe5 29. h7+ Kf8 30. Bb4+ Ke8 31. dxe5 Nc5 32. Bxc5 bxc5 33. Nh5 Kd7 34. Nf6+ Kc7 35. Qd2 Rc8 36. Qxg5 Kb8 37. Qd2 c4 38. Bc2 d4 39. Be4 d3 40. Qc3 Qb6 41. g5 Qe3 42. Bxb7 Rxb7 43. Rhg1 Ng6 44. Rde1 Qh3 45. Rh1 Qf5 46. Ref1 Qxg5 47. Rfg1 Qf5 48. Rxg6 Qxg6 49. h8Q d2+ 50. Ka1 d1Q+ 51. Rxd1 Rxh8 52. Qxc4 Rc8 53. Qd4 Qc2 54. Rb1 Qc7 55. Ne4 Rh8 56. Nc5 Qb6 57. Nd7+ Ka7 58. Nxb6 Rxb6 59. a4 a5 60. b4 Rh3 61. Ka2 Rh2+ 62. Rb2 Rxb2+ 63. Kxb2 Ka6 64. b5+ Ka7 65. Qd7+ Kb8 66. Qd8+ Kb7 67. Kb3 Ka7 68. Qc7+ Rb7 69. Qxa5+ Kb8 70. Qd8+ Ka7 71. Kb4 Rh7 72. Qd4+ Kb8 73. a5 Rg7 74. b6 Rf7 75. Qd6+ Ka8 76. Qxe6 Rg7 77. Qc8# 1-0

[Event "Belgrade-chT Quality"]
[Site "Belgrade"]
[Date "2022.10.01"]
[Round "1.6"]
[White "Djordjevic, Bozidar M"]
[Black "Stanic, Aleksandar"]
[Result "0-1"]
[WhiteElo "2027"]
[BlackElo "2037"]
[PlyCount "64"]
[EventDate "2022.10.01"]
[EventType "team-tourn"]
[EventRounds "11"]
[EventCountry "SRB"]
[SourceTitle "CBM 210 Extra"]
[Source "ChessBase"]
[SourceDate "2022.11.30"]
[SourceVersion "1"]
[SourceVersionDate "2022.11.30"]
[SourceQuality "1"]
[WhiteTeam "Belgrade Mirijevo"]
[BlackTeam "Belgrade PTT"]
[WhiteTeamCountry "SRB"]
[BlackTeamCountry "SRB"]

1. d4 g6 2. c4 Bg7 3. Nc3 d6 4. e4 e5 5. d5 f5 6. Bd3 Nf6 7. Nf3 0-0 8. 0-0 Na6 9. Re1 f4 10. Bf1 h6 11. Rb1 g5 12. h3 Rf7 13. b4 Bf8 14. Ba3 Rg7 15. b5 Nb8 16. Nh2 h5 17. f3 g4 18. fxg4 hxg4 19. hxg4 Nxg4 20. Nxg4 Bxg4 21. Be2 Bxe2 22. Qxe2 Rg3 23. Rb3 f3 24. Qxf3 Rxf3 25. gxf3 Nd7 26. Bc1 Kf7 27. Re2 Qh4 28. Bd2 Be7 29. Rh2 Rg8+ 30. Kh1 Qf6 31. Nd1 Nc5 32. Re3 Nxe4 0-1

[Event "Belgrade Premier League"]
[Site "Belgrade"]
[Date "2021.10.04"]
[Round "4.5"]
[White "Stanic, Aleksandar"]
[Black "Milin, Dragan"]
[Result "1-0"]
[WhiteElo "2085"]
[BlackElo "2060"]
[PlyCount "95"]
[EventDate "2021.10.01"]
[EventType "team-tourn"]
[EventRounds "11"]
[EventCountry "SRB"]
[SourceTitle "CBM 204 Extra"]
[Source "ChessBase"]
[SourceDate "2021.11.30"]
[SourceVersion "1"]
[SourceVersionDate "2021.11.30"]
[SourceQuality "1"]
[WhiteTeam "Belgrade PTT"]
[BlackTeam "Belgrade Bogoslov"]
[WhiteTeamCountry "SRB"]
[BlackTeamCountry "SRB"]

1. d4 c6 2. Nf3 d6 3. g3 g6 4. Bg2 Bg7 5. 0-0 Nd7 6. Nc3 Ngf6 7. e4 e5 8. a4 0-0 9. Re1 Re8 10. h3 Qc7 11. a5 h6 12. Be3 Nf8 13. Qd2 Kh7 14. d5 cxd5 15. exd5 Bd7 16. Nh2 Ng8 17. f3 f5 18. Qf2 Qb8 19. Ra3 Ne7 20. f4 e4 21. Bd4 Bxd4 22. Qxd4 Qc7 23. Nf1 Rac8 24. Qf6 Ng8 25. Qd4 Qc5 26. Rd1 Qxd4+ 27. Rxd4 Rc7 28. Ne3 Rec8 29. Bf1 Nf6 30. Rb4 Nh5 31. Kf2 g5 32. fxg5 hxg5 33. Nc4 Re8 34. Be2 Nxg3 35. Kxg3 f4+ 36. Kf2 e3+ 37. Kg2 Ng6 38. Nxd6 Nh4+ 39. Kg1 f3 40. Bd3+ Kh6 41. Nxe8 Bxe8 42. Re4 f2+ 43. Kh1 Rf7 44. Bf1 Bd7 45. Rxe3 g4 46. Rb3 Nf5 47. Rd3 g3 48. Ne4 1-0

[Event "Belgrade Trophy 34th"]
[Site "Belgrade"]
[Date "2020.11.30"]
[Round "7"]
[White "Stanic, Aleksandar"]
[Black "Petrovic, Petar"]
[Result "1/2-1/2"]
[WhiteElo "2120"]
[BlackElo "1956"]
[PlyCount "74"]
[EventDate "2020.11.24"]
[EventType "swiss"]
[EventRounds "9"]
[EventCountry "SRB"]
[SourceTitle "CBM 199 Extra"]
[Source "ChessBase"]
[SourceDate "2021.01.31"]
[SourceVersion "1"]
[SourceVersionDate "2021.01.31"]
[SourceQuality "1"]

1. e4 c5 2. Nf3 e6 3. Nc3 Nc6 4. Bb5 Nge7 5. 0-0 g6 6. d4 cxd4 7. Nxd4 Bg7 8. Be3 0-0 9. Nb3 d6 10. Qd2 Qc7 11. Bh6 a6 12. Be2 b5 13. Rad1 Rd8 14. Qg5 Bb7 15. Rd3 f6 16. Qh4 g5 17. Qh3 Bxh6 18. Qxh6 Ng6 19. Bg4 Qe7 20. Nd4 Nxd4 21. Rxd4 Ne5 22. Qh3 Nxg4 23. Qxg4 Kh8 24. Rfd1 Rac8 25. Qe2 Rc7 26. Qd2 Rcd7 27. a3 Bc6 28. f3 Kg7 29. Re1 h6 30. Nd5 Bxd5 31. exd5 e5 32. Qa5 Qf7 33. Rd2 Ra8 34. Qb6 Qe7 35. Re3 Rc7 36. Qa5 Qd7 37. Re4 Rcc8 1/2-1/2

[Event "Belgrade Trophy 34th"]
[Site "Belgrade"]
[Date "2020.11.27"]
[Round "4"]
[White "Stanic, Aleksandar"]
[Black "Rajkovic, Mladen"]
[Result "0-1"]
[WhiteElo "2120"]
[BlackElo "2394"]
[PlyCount "94"]
[EventDate "2020.11.24"]
[EventType "swiss"]
[EventRounds "9"]
[EventCountry "SRB"]
[SourceTitle "CBM 199 Extra"]
[Source "ChessBase"]
[SourceDate "2021.01.31"]
[SourceVersion "1"]
[SourceVersionDate "2021.01.31"]
[SourceQuality "1"]

1. d4 Nf6 2. Bg5 d5 3. Nc3 Bf5 4. e3 Nbd7 5. Nf3 e6 6. Ne5 Be7 7. g4 Be4 8. f3 Bg6 9. h4 h6 10. Nxg6 fxg6 11. Bf4 c5 12. Qd3 Kf7 13. h5 g5 14. Bg3 Re8 15. Qb5 Qc8 16. Qd3 c4 17. Qe2 Bb4 18. Qh2 b5 19. Be2 Nb6 20. 0-0 Bxc3 21. bxc3 Kg8 22. Be1 Qb8 23. e4 Qxh2+ 24. Kxh2 e5 25. dxe5 Rxe5 26. Bg3 Re6 27. e5 Nfd7 28. f4 gxf4 29. Bxf4 Nxe5 30. Rf2 Rae8 31. Bd1 Na4 32. Bd2 Nc5 33. Rg2 Ne4 34. Be1 Rf8 35. Rb1 a6 36. a4 bxa4 37. Be2 Nf3+ 38. Bxf3 Rxf3 39. Ra1 Ng5 40. Bg3 Rxc3 41. Rxa4 Nf3+ 42. Kh1 Nd4 43. Ra2 Ne2 44. Bc7 d4 45. Rb2 Rh3+ 46. Bh2 Nf4 47. Rb8+ Kh7 0-1

[Event "Belgrade-chT"]
[Site "Belgrade"]
[Date "2020.10.08"]
[Round "5.4"]
[White "Savic, Mihailo S"]
[Black "Stanic, Aleksandar"]
[Result "1-0"]
[WhiteElo "2160"]
[BlackElo "2128"]
[PlyCount "103"]
[EventDate "2020.10.04"]
[EventType "team-tourn"]
[EventRounds "9"]
[EventCountry "SRB"]
[SourceTitle "EXT 2022"]
[Source "ChessBase"]
[SourceDate "2021.10.06"]
[SourceVersion "1"]
[SourceVersionDate "2021.10.06"]
[SourceQuality "1"]
[WhiteTeam "Belgrade"]
[BlackTeam "Belgrade PTT"]
[WhiteTeamCountry "SRB"]
[BlackTeamCountry "SRB"]

1. e4 g6 2. d4 Bg7 3. Nc3 d6 4. Be3 a6 5. Qd2 b5 6. a3 Bb7 7. Nge2 Nd7 8. Nf4 Rc8 9. f3 h5 10. Be2 Ngf6 11. 0-0 0-0 12. Nh3 c5 13. d5 c4 14. Ng5 Nh7 15. Nxh7 Kxh7 16. f4 Nf6 17. Rae1 a5 18. Bf3 b4 19. Na4 c3 20. bxc3 Ba6 21. cxb4 Bxf1 22. Rxf1 axb4 23. axb4 Qc7 24. c4 Ng4 25. Bxg4 hxg4 26. c5 dxc5 27. bxc5 Rfd8 28. Nb6 Rb8 29. Qe2 f5 30. e5 e6 31. d6 Qc6 32. g3 g5 33. Qg2 Qb5 34. Qa2 Qd3 35. Qd2 Qe4 36. Qd4 Qc6 37. Qd3 gxf4 38. gxf4 g3 39. hxg3 Kg6 40. Qe2 Qe4 41. Qf3 Qb4 42. Kg2 Rh8 43. Rd1 Qb2+ 44. Bf2 Rh7 45. d7 Rbh8 46. d8Q Rh2+ 47. Kg1 Rh1+ 48. Qxh1 Rxh1+ 49. Kxh1 Qxf2 50. Qg5+ Kh7 51. Qh5+ Kg8 52. Rd8+ 1-0

[Event "Belgrade-chT"]
[Site "Belgrade"]
[Date "2020.10.05"]
[Round "2.3"]
[White "Asik, Josip"]
[Black "Stanic, Aleksandar"]
[Result "1-0"]
[WhiteElo "2266"]
[BlackElo "2128"]
[PlyCount "88"]
[EventDate "2020.10.04"]
[EventType "team-tourn"]
[EventRounds "9"]
[EventCountry "SRB"]
[SourceTitle "EXT 2022"]
[Source "ChessBase"]
[SourceDate "2021.10.06"]
[SourceVersion "1"]
[SourceVersionDate "2021.10.06"]
[SourceQuality "1"]
[WhiteTeam "Politika"]
[BlackTeam "Belgrade PTT"]
[WhiteTeamCountry "SRB"]
[BlackTeamCountry "SRB"]

1. e4 g6 2. Nf3 Bg7 3. d4 d6 4. Bc4 e6 5. Bg5 Ne7 6. Nc3 h6 7. Bh4 g5 8. Bg3 f5 9. exf5 Nxf5 10. Qe2 Qe7 11. 0-0-0 g4 12. Nd2 h5 13. Rhe1 Nxd4 14. Qd3 0-0 15. Nd5 Qf7 16. Qe4 c6 17. Bd3 Nf5 18. Ne3 d5 19. Qb4 a5 20. Qa3 Nd4 21. c3 Nb5 22. Qa4 Bd7 23. Bb1 Bf6 24. h3 c5 25. Qc2 a4 26. a3 Nc6 27. hxg4 Ncd4 28. Qd3 c4 29. Qg6+ Qxg6 30. Bxg6 Nc6 31. Ndxc4 h4 32. Bh2 Kg7 33. Bc2 Be8 34. Nd6 Nxd6 35. Bxd6 Rh8 36. f4 d4 37. cxd4 h3 38. g5 Bd8 39. d5 exd5 40. Nf5+ Kf7 41. Nh6+ Kg7 42. gxh3 Ba5 43. f5 Rxh6 44. gxh6+ Kxh6 1-0

[Event "Belgrade-chTB Quality"]
[Site "Belgrade"]
[Date "2018.09.29"]
[Round "1.5"]
[White "Graovac, Vidak Balsa"]
[Black "Stanic, Aleksandar"]
[Result "0-1"]
[WhiteElo "2155"]
[BlackElo "2114"]
[PlyCount "86"]
[EventDate "2018.09.29"]
[EventType "team-tourn"]
[EventRounds "11"]
[EventCountry "SRB"]
[SourceTitle "CBM 187 Extra"]
[Source "ChessBase"]
[SourceDate "2018.11.04"]
[SourceVersion "1"]
[SourceVersionDate "2018.11.04"]
[SourceQuality "1"]
[WhiteTeam "Belgrade Lasta"]
[BlackTeam "Belgrade EDB"]
[WhiteTeamCountry "SRB"]
[BlackTeamCountry "SRB"]

1. e4 g6 2. d4 Bg7 3. Nc3 d6 4. Bc4 e6 5. Nf3 Ne7 6. h4 h6 7. Qe2 a6 8. Bf4 b5 9. Bd3 Nd7 10. e5 d5 11. Qe3 Bb7 12. Ke2 Rc8 13. b4 Nb6 14. Rag1 Nc4 15. Qc1 Nc6 16. h5 g5 17. Be3 Nxb4 18. Rd1 Qe7 19. Bxc4 dxc4 20. Nxg5 Nd5 21. Nge4 Nxc3+ 22. Nxc3 c5 23. f4 0-0 24. d5 exd5 25. Rxd5 Bxd5 26. Nxd5 Qe6 27. Nc3 f6 28. exf6 Bxf6 29. Nd1 Qg4+ 30. Kf1 Bd4 31. Rh3 Bxe3 32. Nxe3 Qxf4+ 33. Kg1 Qf2+ 34. Kh2 Kh7 35. Rg3 Qf4 36. Qd1 Rcd8 37. Qg4 Qxg4 38. Nxg4 Rde8 39. Ra3 Re6 40. Kg3 Rf5 41. Rf3 Rxf3+ 42. Kxf3 Re1 43. Ne3 Ra1 0-1

[Event "Belgrade-chT"]
[Site "Belgrade"]
[Date "2017.10.15"]
[Round "5.6"]
[White "Stanic, Aleksandar"]
[Black "Ilic, Slobodan R"]
[Result "0-1"]
[WhiteElo "2129"]
[BlackElo "2053"]
[PlyCount "94"]
[EventDate "2017.10.01"]
[EventType "team-tourn"]
[EventRounds "11"]
[EventCountry "SRB"]
[SourceTitle "CBM 181 Extra"]
[Source "ChessBase"]
[SourceDate "2017.12.12"]
[SourceVersion "1"]
[SourceVersionDate "2017.12.12"]
[SourceQuality "1"]
[WhiteTeam "Belgrade EDB"]
[BlackTeam "Borca"]
[WhiteTeamCountry "SRB"]
[BlackTeamCountry "SRB"]

1. d4 Nf6 2. Bg5 Ne4 3. Bf4 e6 4. f3 Bd6 5. Bxd6 Nxd6 6. e4 0-0 7. Nc3 Nc6 8. Qd2 e5 9. d5 Nd4 10. Nd1 c5 11. c3 N4b5 12. Ne3 Nc7 13. 0-0-0 b5 14. g4 c4 15. h4 Na6 16. Ne2 Nc5 17. Ng3 Rb8 18. Kb1 a5 19. Ngf5 Nxf5 20. gxf5 d6 21. Rg1 Kh8 22. h5 Rg8 23. Be2 b4 24. Nxc4 bxc3 25. Qxc3 Ba6 26. Qe3 Bxc4 27. Bxc4 Rb4 28. b3 a4 29. a3 Rxb3+ 30. Bxb3 axb3 31. h6 g6 32. fxg6 hxg6 33. Rc1 Qa5 34. Rxc5 Qxa3 35. Rg2 Ra8 36. Qc3 Qxc5 37. Qxc5 dxc5 38. d6 c4 39. d7 c3 40. Rg1 Rd8 41. Rc1 c2+ 42. Kb2 Rxd7 43. Kxb3 Rc7 44. Rxc2 Rxc2 45. Kxc2 Kh7 46. Kd3 Kxh6 47. Ke3 Kg5 0-1

[Event "Belgrade-chT"]
[Site "Belgrade"]
[Date "2017.10.07"]
[Round "2.5"]
[White "Stanic, Aleksandar"]
[Black "Gavric, Gazimir"]
[Result "1-0"]
[WhiteElo "2129"]
[BlackElo "1984"]
[PlyCount "65"]
[EventDate "2017.10.01"]
[EventType "team-tourn"]
[EventRounds "11"]
[EventCountry "SRB"]
[SourceTitle "CBM 181 Extra"]
[Source "ChessBase"]
[SourceDate "2017.12.12"]
[SourceVersion "1"]
[SourceVersionDate "2017.12.12"]
[SourceQuality "1"]
[WhiteTeam "Belgrade EDB"]
[BlackTeam "Lasta"]
[WhiteTeamCountry "SRB"]
[BlackTeamCountry "SRB"]

1. d4 Nf6 2. Bg5 c6 3. Nc3 Qa5 4. Qd2 b5 5. f3 e6 6. e4 Bb4 7. Nge2 Qc7 8. Bxf6 gxf6 9. Qh6 Qd8 10. Qg7 Ke7 11. e5 fxe5 12. dxe5 Qf8 13. Qf6+ Ke8 14. 0-0-0 Rg8 15. Kb1 Be7 16. Qf4 Rg5 17. Ne4 Rf5 18. Qg3 Qh8 19. f4 f6 20. Nd4 Rh5 21. Qf3 Rh6 22. exf6 Bf8 23. Nxb5 d5 24. Nc7+ Kd8 25. Nxa8 Bb7 26. Qg4 Bxa8 27. Qxe6 Nd7 28. Ba6 Kc7 29. c4 Bc5 30. cxd5 cxd5 31. Nxc5 Nxc5 32. Rc1 Qf8 33. Rxc5+ 1-0

[Event "Belgrade-chT Quality"]
[Site "Belgrade"]
[Date "2016.10.16"]
[Round "6.3"]
[White "Janjic, Stefan"]
[Black "Stanic, Aleksandar"]
[Result "1-0"]
[WhiteElo "2137"]
[BlackElo "2161"]
[PlyCount "87"]
[EventDate "2016.10.01"]
[EventType "team-tourn"]
[EventRounds "11"]
[EventCountry "SRB"]
[SourceTitle "EXT 2018"]
[Source "ChessBase"]
[SourceDate "2017.10.13"]
[SourceVersion "1"]
[SourceVersionDate "2017.10.13"]
[SourceQuality "1"]

1. d4 g6 2. Nf3 Bg7 3. c3 Nf6 4. Bg5 h6 5. Bh4 0-0 6. Nbd2 d5 7. e3 Ne4 8. Nxe4 dxe4 9. Nd2 f5 10. Qb3+ Kh7 11. f3 g5 12. Bf2 exf3 13. gxf3 Nc6 14. 0-0-0 e5 15. Bd3 Kh8 16. Bb1 f4 17. dxe5 Qe7 18. h4 g4 19. exf4 Rxf4 20. Bg3 Rf8 21. f4 a5 22. Qc2 Bf5 23. Qa4 Qc5 24. Bxf5 Rxf5 25. Qe4 Rff8 26. Nb3 Qb5 27. Rd5 Qb6 28. Nd4 Nxd4 29. Qxd4 Qxd4 30. Rxd4 h5 31. Kd2 Rad8 32. Rxd8 Rxd8+ 33. Ke3 Kg8 34. Rf1 Bh6 35. Rf2 Rd1 36. Re2 Rf1 37. Ke4 Rg1 38. Re3 Rg2 39. Kf5 Kf7 40. e6+ Ke7 41. Kg6 Bf8 42. f5 Ke8 43. f6 Bc5 44. Rd3 1-0

[Event "Belgrade-chT Quality"]
[Site "Belgrade"]
[Date "2016.10.09"]
[Round "4.2"]
[White "Vreljanski, Dragomir"]
[Black "Stanic, Aleksandar"]
[Result "1-0"]
[WhiteElo "2150"]
[BlackElo "2161"]
[PlyCount "63"]
[EventDate "2016.10.01"]
[EventType "team-tourn"]
[EventRounds "11"]
[EventCountry "SRB"]
[SourceTitle "EXT 2018"]
[Source "ChessBase"]
[SourceDate "2017.10.13"]
[SourceVersion "1"]
[SourceVersionDate "2017.10.13"]
[SourceQuality "1"]

1. d4 g6 2. Nf3 Bg7 3. Bf4 d6 4. h3 Nd7 5. e4 e6 6. Nc3 h6 7. Qd2 Ne7 8. Bc4 a6 9. a4 b6 10. 0-0 Bb7 11. Rfe1 g5 12. Bh2 0-0 13. Rad1 Kh8 14. Qe2 Ng6 15. e5 d5 16. Bd3 c5 17. Bxg6 fxg6 18. Qd3 Qe8 19. Ne2 a5 20. b3 Ba6 21. c4 Rc8 22. Nc3 Qf7 23. Nxd5 cxd4 24. Nf6 Nxf6 25. exf6 Bxf6 26. Ne5 Bxe5 27. Bxe5+ Kh7 28. Qxd4 Rc6 29. Qd7 Bb7 30. Qxf7+ Rxf7 31. Rd8 Rc8 32. Red1 1-0

[Event "Belgrade-chT Quality"]
[Site "Belgrade"]
[Date "2016.10.02"]
[Round "2.1"]
[White "Popovic, Ivan M"]
[Black "Stanic, Aleksandar"]
[Result "1/2-1/2"]
[WhiteElo "2039"]
[BlackElo "2161"]
[PlyCount "63"]
[EventDate "2016.10.01"]
[EventType "team-tourn"]
[EventRounds "11"]
[EventCountry "SRB"]
[SourceTitle "EXT 2018"]
[Source "ChessBase"]
[SourceDate "2017.10.13"]
[SourceVersion "1"]
[SourceVersionDate "2017.10.13"]
[SourceQuality "1"]

1. e4 g6 2. d4 Bg7 3. c4 d6 4. Nc3 e5 5. Be3 Nc6 6. d5 Nce7 7. Qd2 f5 8. f3 Nf6 9. Bd3 0-0 10. 0-0-0 a6 11. Kb1 Bd7 12. h3 b5 13. c5 b4 14. Nce2 Bb5 15. Bc2 a5 16. Nc1 Qb8 17. g4 f4 18. Bf2 Nd7 19. c6 Nb6 20. Bxb6 Qxb6 21. Bd3 Rfb8 22. Bxb5 Qxb5 23. Qd3 Qb6 24. h4 h6 25. Rh2 Nc8 26. Nb3 Na7 27. Nd2 Nb5 28. Nc4 Qa7 29. Ka1 a4 30. Ne2 Qa6 31. Nd2 Qa7 32. Nc4 1/2-1/2

[Event "Belgrade-chT Quality"]
[Site "Belgrade"]
[Date "2016.10.01"]
[Round "1.6"]
[White "Stanic, Aleksandar"]
[Black "Radojkovic, Vladica R"]
[Result "1-0"]
[WhiteElo "2161"]
[BlackElo "1960"]
[PlyCount "65"]
[EventDate "2016.10.01"]
[EventType "team-tourn"]
[EventRounds "11"]
[EventCountry "SRB"]
[SourceTitle "EXT 2018"]
[Source "ChessBase"]
[SourceDate "2017.10.13"]
[SourceVersion "1"]
[SourceVersionDate "2017.10.13"]
[SourceQuality "1"]

1. d4 g6 2. e4 d6 3. Nc3 Bg7 4. Be3 a6 5. Qd2 b5 6. f3 Nd7 7. 0-0-0 Bb7 8. g4 Rc8 9. h4 h5 10. g5 c5 11. Bh3 c4 12. Nce2 Ra8 13. e5 e6 14. exd6 Nb6 15. Bf4 Nd5 16. Be5 Bxe5 17. dxe5 b4 18. Qd4 Rc8 19. Nf4 Qd7 20. Nxd5 Bxd5 21. Qxd5 exd5 22. Bxd7+ Kxd7 23. Rxd5 Ke6 24. Ra5 c3 25. Ne2 cxb2+ 26. Kxb2 Rc4 27. Kb3 Rc8 28. Nd4+ Kd7 29. Rxa6 Rc5 30. Ra7+ Kd8 31. e6 Ne7 32. Rxe7 Rd5 33. Nc6+ 1-0

[Event "Belgrade-chT Quality"]
[Site "Belgrade"]
[Date "2015.10.25"]
[Round "7"]
[White "Veljkovic, Dragoljub"]
[Black "Stanic, Aleksandar"]
[Result "1/2-1/2"]
[WhiteElo "2168"]
[BlackElo "2132"]
[PlyCount "53"]
[EventDate "2015.10.03"]
[EventType "team-tourn"]
[EventRounds "11"]
[EventCountry "SRB"]
[SourceTitle "EXT 2018"]
[Source "ChessBase"]
[SourceDate "2017.10.13"]
[SourceVersion "1"]
[SourceVersionDate "2017.10.13"]
[SourceQuality "1"]

1. d4 g6 2. c4 Bg7 3. Nc3 d6 4. e4 e5 5. dxe5 dxe5 6. Qxd8+ Kxd8 7. Bg5+ f6 8. 0-0-0+ Nd7 9. Be3 Bh6 10. Bxh6 Nxh6 11. f3 c6 12. h4 Kc7 13. g3 a5 14. Na4 b6 15. Rh2 Nf7 16. Rhd2 Nc5 17. Nxc5 bxc5 18. Bh3 Bxh3 19. Nxh3 Rhd8 20. Rxd8 Rxd8 21. Rxd8 Nxd8 22. Kd2 Ne6 23. Ke3 Kd6 24. Nf2 Nd4 25. Nd3 Nc2+ 26. Kd2 Nd4 27. Ke3 1/2-1/2

[Event "Belgrade tt Cup"]
[Site "Belgrade"]
[Date "2015.04.21"]
[Round "2.4"]
[White "Pejovic, Velibor"]
[Black "Stanic, Aleksandar"]
[Result "0-1"]
[WhiteElo "1841"]
[BlackElo "2120"]
[PlyCount "94"]
[EventDate "2015.04.20"]
[EventType "team-swiss"]
[EventRounds "5"]
[EventCountry "SRB"]
[SourceTitle "CBM 166 Extra"]
[Source "ChessBase"]
[SourceDate "2015.06.18"]
[SourceVersion "1"]
[SourceVersionDate "2015.06.18"]
[SourceQuality "1"]
[WhiteTeam "Banjica"]
[BlackTeam "EDB"]
[WhiteTeamCountry "SRB"]
[BlackTeamCountry "SRB"]

1. Nf3 d5 2. b3 Nc6 3. d4 Bf5 4. e3 a6 5. Bd3 Bg6 6. Ba3 e6 7. Bxf8 Kxf8 8. c3 Nf6 9. Qc2 Qd6 10. Nbd2 e5 11. dxe5 Nxe5 12. Nxe5 Qxe5 13. Nf3 Qe7 14. c4 Rd8 15. c5 Bxd3 16. Qxd3 Qxc5 17. 0-0 Qe7 18. Rac1 c6 19. Qd4 h5 20. b4 Rh6 21. a4 Ne4 22. Ne5 f6 23. Nd3 Nd2 24. Rfd1 Nb3 25. Qf4 Nxc1 26. Rxc1 g5 27. Qd4 h4 28. h3 Qe4 29. Qb6 Qe7 30. Nc5 Rh7 31. Qxd8+ Qxd8 32. Ne6+ Ke7 33. Nxd8 Kxd8 34. b5 axb5 35. axb5 Kd7 36. Kf1 Kd6 37. bxc6 bxc6 38. Ke2 Rb7 39. Kf3 Rb4 40. g3 c5 41. Rc2 f5 42. gxh4 Rxh4 43. Kg3 f4+ 44. exf4 Rxf4 45. Ra2 c4 46. Ra6+ Kc5 47. Rg6 c3 0-1